الحضارة الإسلامية وعالم البحار:( بحوث ودراسات) ندوة عقدها الاتحاد بمقره في القاهرة ٢٢ - ٢٤ جمادى الأولى ١٤١٤هـ ٦ - ٨ نوفمبر ۱۹۹۳م

محفوظ في:

مؤلف مشترك: Publications of the Union of Arab Historians.

التنسيق: كتاب

اللغة: Undetermined

منشور في: Al-Qāhirah manshurat aitihad almuarikhin alearab 1994

الوسوم: إضافة وسم

لا توجد وسوم, كن أول من يضع وسما على هذه التسجيلة!

رقم الطلب: A40 MUAR

LEADER 00564nam a2200121Ia 4500
008 240404s9999||||xx |||||||||||||| ||und||
050 4 |a A40 MUAR 
110 0 |a Publications of the Union of Arab Historians. 
245 1 0 |a الحضارة الإسلامية وعالم البحار:( بحوث ودراسات) ندوة عقدها الاتحاد بمقره في القاهرة ٢٢ - ٢٤ جمادى الأولى ١٤١٤هـ ٦ - ٨ نوفمبر ۱۹۹۳م 
264 1 |a Al-Qāhirah  |b manshurat aitihad almuarikhin alearab  |c 1994 
300 |a 437  |c 24 
942 |2 lcc  |c BK 
999 |c 58173  |d 58173